000 00495nam a2200181Ia 4500
003 GCL
008 140319s9999 xx 000 0 eng d
040 _aGCL /
_cGCL
082 0 4 _a720.92
_bB W
100 1 _aBESINGER , CURTIS
245 1 0 _aWORKING WITH MR. WRIGHT : WHAT IT WAS LIKE /
_cBESINGER , CURTIS
260 _a[S.N] :
_bCOMBRIDGE UNIVERSITY PRESS ،
_c1997
300 _a313 P
650 0 4 _aARCHITECTS
650 0 4 _aWRIGHT, FRANK LIOYD
650 0 4 _aBIOGRAPHIES
942 _2ddc
_cBK
999 _c16171
_d16171